Researching and writing a dissertation : (Record no. 98059)

MARC details
000 -LEADER
fixed length control field 00877cam a2200277 a 4500
008 - FIXED-LENGTH DATA ELEMENTS--GENERAL INFORMATION
fixed length control field
020 ## - INTERNATIONAL STANDARD BOOK NUMBER
International Standard Book Number 9780273723431 (pbk.)
049 ## - LOCAL HOLDINGS (OCLC)
Holding library MAIN
090 ## - LOCALLY ASSIGNED LC-TYPE CALL NUMBER (OCLC); LOCAL CALL NUMBER (RLIN)
Classification number (OCLC) (R) ; Classification number, CALL (RLIN) (NR) LB2369
Local cutter number (OCLC) ; Book number/undivided call number, CALL (RLIN) FIS
003 - CONTROL NUMBER IDENTIFIER
control field
005 - DATE AND TIME OF LATEST TRANSACTION
control field 20240511123343.0
040 ## - CATALOGING SOURCE
Transcribing agency NUST
100 1# - MAIN ENTRY--PERSONAL NAME
Personal name Fisher, Colin.
245 10 - TITLE STATEMENT
Title Researching and writing a dissertation :
Remainder of title an essential guide for business students /
Statement of responsibility, etc. Colin Fisher with John Buglear... [et al.]
250 ## - EDITION STATEMENT
Edition statement 3rd ed.
260 ## - PUBLICATION, DISTRIBUTION, ETC.
Place of publication, distribution, etc. Harlow :
Name of publisher, distributor, etc. Pearson Education Limited,
Date of publication, distribution, etc. 2010.
300 ## - PHYSICAL DESCRIPTION
Extent xii, 436 p. :
Other physical details ill. ;
Dimensions 25 cm.
500 ## - GENERAL NOTE
General note Includes Index.
504 ## - BIBLIOGRAPHY, ETC. NOTE
Bibliography, etc. note Includes bibliographical references.
650 #0 - SUBJECT ADDED ENTRY--TOPICAL TERM
Topical term or geographic name entry element Dissertations, Academic.
650 #0 - SUBJECT ADDED ENTRY--TOPICAL TERM
Topical term or geographic name entry element Business
General subdivision Research.
650 #0 - SUBJECT ADDED ENTRY--TOPICAL TERM
Topical term or geographic name entry element Report writing.
700 1# - ADDED ENTRY--PERSONAL NAME
Personal name Buglear, John.
907 ## - LOCAL DATA ELEMENT G, LDG (RLIN)
a .b10303807
b 08-12-11
c 22-11-11
942 ## - ADDED ENTRY ELEMENTS (KOHA)
Koha item type Ordinary Loan Books
Call number prefix LB2369
Call number suffix FIS
Koha issues (borrowed), all copies 1
Holdings
Date last seen Total Checkouts Full call number Barcode Date last checked out Accession number Cost, replacement price Price effective from Koha item type Public note Lost status Source of classification or shelving scheme Damaged status Not for loan Collection Withdrawn status Home library Current library Shelving location Date acquired Source of acquisition Cost, normal purchase price
11/24/2025 21 LB2369 FIS 92004030136 05/11/2024 16170 30.00 05/16/2023 BOOKS Donation   LCC     NFIC   GSB MAIN GEN 05/16/2023 Book Aid International 80.00